00410 2200169 4500001002100000005001500021008004100036035001900077041000700096082000800103090001400111100001700125245004300142260002100185300001900206650001500225INLIS00000000000219020241224112506241224||||||||| | ||| |||| || |  0010-1224002190 aid0 a530 a530 TIM 10 aTim Penyusun00aLKS Dan Pekerjaan Rumah Fisika SLTP 1B bYudhistirac1994 a64 hlm.;25 cm. 0aIlmu Murni